| 000 | 00000nam 2200000zi 4500 |
| 001 | 9.938535 |
| 003 | CaOODSP |
| 005 | 20250124152439 |
| 006 | m o d f |
| 007 | cr |n||||||||| |
| 008 | 240522e19770529onc o f000 0|eng d |
| 040 | |aCaOODSP|beng|erda|cCaOODSP |
| 086 | 1 |aId46-35/1-1977E-PDF |
| 245 | 00|aClothing inquiry : |bconclusions and recommendations : extract from a report to the Minister of Industry, Trade and Commerce. |
| 264 | 1|a[Ottawa] : |bTextile and Clothing Board = Commission du textile et du vêtement, |cMay 29, 1977. |
| 300 | |a1 online resource (1 volume (various pagings)) |
| 336 | |atext|btxt|2rdacontent |
| 337 | |acomputer|bc|2rdamedia |
| 338 | |aonline resource|bcr|2rdacarrier |
| 500 | |aDigitized edition from print [produced by Innovation, Science and Economic Development Canada]. |
| 650 | 0|aClothing trade|zCanada. |
| 650 | 0|aTextile industry|zCanada. |
| 650 | 6|aVêtements|xIndustrie et commerce|zCanada. |
| 650 | 6|aTextiles et tissus|xIndustrie et commerce|zCanada. |
| 710 | 1 |aCanada. |bTextile and Clothing Board, |eissuing body. |
| 856 | 40|qPDF|s2.79 MB|uhttps://publications.gc.ca/collections/collection_2025/isde-ised/Id46-35-1-1977-eng.pdf |